000 00901nam a2200289Ia 4500
005 20220316235444.0
008 121119s2002 sp jr 000 f spa
020 _a8434856824
041 1 _aspa
100 1 _aFine, Anne
_d1947-
245 1 0 _aUn toque especial
_cAnne Fine ; traducción del inglés, Ma. José Guitián
250 _aQuinta edición
300 _a155 páginas
_c19 cm
490 0 _aEl barco de vapor : roja
650 1 4 _aLiteratura inglesa
_2LEMB
650 1 4 _aLiteratura juvenil
_2LEMB
650 1 4 _aNiños maltratados
_vNovela
_2LEMB
650 1 4 _aNovela juvenil
_2LEMB
700 1 _aGuitián, María José
_etraductor
_937652
942 _2loc
_cBKLIT
264 _aMadrid
_bS. M.
_c2002
336 _atexto
_btxt
_2rdacontent
337 _asin mediación
_bn
_2rdamedia
338 _avolumen
_bnc
_2rdacarrier
040 _aCO-BoRNBP
_bspa
_erda
_cCO-BoRNBP
084 _aN FIN1
999 _c1014
_d1014